书目信息 |
| 题名: |
第七届中国建筑学青年建筑师奖获奖者作品集
|
|
| 作者: | 周畅 , 米祥友 主编 | |
| 分册: | ||
| 出版信息: | 北京 中国建筑工业出版社 2009.08 |
|
| 页数: | 193页 | |
| 开本: | 28cm | |
| 丛书名: | ||
| 单 册: | ||
| 中图分类: | TU206 | |
| 科图分类: | ||
| 主题词: | 建筑设计--jian zhu she ji--作品集--中国--现代 | |
| 电子资源: | ||
| ISBN: | 978-7-112-10979-1 | |
| 000 | 00967nam0 2200229 450 | |
| 001 | 200000001706 | |
| 005 | 20100508173848.56 | |
| 010 | @a978-7-112-10979-1@b精装@dCNY120.00 | |
| 100 | @a20100515d2009 km y0chiy0121 eb | |
| 101 | 0 | @achi |
| 102 | @aCN@b110000 | |
| 105 | @aa z 000yy | |
| 200 | 1 | @a第七届中国建筑学青年建筑师奖获奖者作品集@Adi qi jie zhong guo jian zhu xue qing nian jian zhu shi jiang huo jiang zhe zuo pin ji@f周畅, 米祥友主编 |
| 210 | @a北京@c中国建筑工业出版社@d2009.08 | |
| 215 | @a193页@c图@d28cm | |
| 330 | @a本书主要内容有:一关于开展“第七届中国建筑学会青年建筑师奖”评选工作的通知;二中国建筑学会青年建筑师奖申报及评审条例;三第七届中国建筑学会青年建筑师奖获奖人员名单;四第七届中国建筑学会青年建筑师奖获奖者作品实录。 | |
| 606 | 0 | @a建筑设计@Ajian zhu she ji@j作品集@y中国@z现代 |
| 690 | @aTU206@v4 | |
| 701 | 0 | @a周畅@Azhou chang@4主编 |
| 701 | 0 | @a米祥友@Ami xiang you@4主编 |
| 801 | 0 | @aCN@c20100515 |
| 905 | @dTU206@eZ752-2@f3 | |
| 第七届中国建筑学青年建筑师奖获奖者作品集/周畅, 米祥友主编.-北京:中国建筑工业出版社,2009.08 |
| 193页:图;28cm |
| ISBN 978-7-112-10979-1(精装):CNY120.00 |
| 本书主要内容有:一关于开展“第七届中国建筑学会青年建筑师奖”评选工作的通知;二中国建筑学会青年建筑师奖申报及评审条例;三第七届中国建筑学会青年建筑师奖获奖人员名单;四第七届中国建筑学会青年建筑师奖获奖者作品实录。 |
| ● |
| 相关链接 |
|
|
|
正题名:第七届中国建筑学青年建筑师奖获奖者作品集
索取号:TU206/Z752-2
 
预约/预借
| 序号 | 登录号 | 条形码 | 馆藏地/架位号 | 状态 | 备注 |
| 1 | 899891 | 208998913 | 建筑库101/101建筑库 44排5列4层/ [索取号:TU206/Z752-2] | 在馆 | |
| 2 | 899892 | 208998922 | 建筑库101/101建筑库 44排5列5层/ [索取号:TU206/Z752-2] | 在馆 | |
| 3 | 899893 | 208998931 | 建筑与城市规划学院资料室/101建筑库 17排4列2层/ [索取号:TU206/Z752-2] | 在馆 |